000 00324nam a22001337a 4500
008 170321b xxu||||| |||| 00| 0 eng d
020 _a9780781723817
041 _aeng
080 _26 ED
_a616.12 -008-073
100 _a7
101 _aSHM
245 _aMANUAL CLINICAL PROBLEMS IN CARDIOLOLOGY
_cHILLIS.D
942 _2udc
_cBK
999 _c8297
_d8297